000 00332nam a2200157Ia 4500
003 OSt
005 20240409141104.0
008 170524s9999 xx 000 0 und d
020 _a 9788120349391
040 _ciimtu
100 _aKumar- A Anand
245 0 _aControl Systems
260 _bPHI
260 _c2007
942 _2ddc
_c02
999 _c5223
_d5223